000 00504 a2200193 4500
005 20240719135258.0
008 240719b |||||||| |||| 00| 0 eng d
020 _a9788178800547
_cRs. 1395.00
040 _aMAIN
082 _a370.82
_bS98S
100 _a Saxena, Alka
245 _aSocialisation of women education
260 _c2023
_aNew Delhi
_bRajat Publications
300 _avii, 324
650 _aWomen Education
650 _aEducation
650 _aValue Education- Women
942 _cBK
999 _c313955
_d313955